| 000 | 00448nam a2200181Ia 4500 | ||
|---|---|---|---|
| 008 | 131103s9999 xx 000 0 und d | ||
| 040 | _aLoreto College | ||
| 041 | _aEnglish | ||
| 082 |
_aREF _bLCBED/5667 |
||
| 100 | _aHartog, Jan De | ||
| 245 | 4 |
_aThe sailing ship _cJan De Hartog |
|
| 260 |
_aNew York _bThe Odyssey _c1964 |
||
| 300 |
_a pic. _c 8cm. |
||
| 440 | _aThe Odyssey Library | ||
| 650 | _aREF | ||
| 850 | _aLCBED/REF | ||
| 942 | _cBK | ||
| 999 |
_c33886 _d84365 |
||